Statistics for Verdansk locations

Click here to take the quiz!

General Stats

  • This quiz has been taken 66 times
    (29 since last reset)
  • The average score is 14 of 38

Answer Stats

HintLocation% Correct
Air TravelVerdansk Regional Airport (1984)/Verdansk International Airport (2021)
92%
SportsVerdansk Soccer Arena (1984)/Acropolis National Arena (2021)
92%
MedicalVerdansk Hospital
85%
CostcoAtlas Superstore
81%
ArmyArklov Peak Military Facility
77%
TelevisionBCH TV Station (1984)/BCH4 TV Station (2021)
77%
UrbanDowntown Tavorsk District
73%
Behind barsZordaya Prison Complex
73%
Gondolas (1984)/Frozen lake (2021)Gora Summit (1984)/Gora Dam (2021)
69%
Most northeastKarst Salt Mine (1984)/Karst River Quarry (2021)
65%
Many houses and crop fieldsKrovnik Farmland
65%
Choo ChooVerdansk Train Station
58%
Chopped woodGorengard Lumber Yard
54%
Where ships are dockedPort of Verdansk
54%
Airplane remainsZhokov Boneyard
50%
ApartmentsBarakett Promenade East & West
46%
Many garagesStorage Town
46%
Take a walk in the...Tavorsk Park
46%
Small mountainsNovi Grazna Hills
42%
Past Cod locations (Bonus) answer is "ok"Ok
27%
Map from MW2Scrapyard (found in Zhokov Boneyard)
27%
Crashed Boat (2021)Vodianoy Shipwreck
19%
Plane maintenance (1984)Airplane Factory
15%
Looks like a roller coaster (1984)Kastovia Radar Array (1984)
15%
Map from CoD4Shipment (found in Downtown Tavorsk District)
15%
Part of a map from Black Ops (1984)Summit (Gora Summit)
12%
Swimming pool from what map in CoD4?Bloc (found south of Storage Town)
8%
Map from CoD4Killhouse (found in Arklov Peak Military Base)
8%
Map from Black Ops II (1984)Standoff (Krovnik Farmland)
8%
Map from CoD4Broadcast (BCH TV Station)
4%
Restaurant from MW2Burger Town (found throughout Verdansk)
4%
Remake of the plane from what mission in CoD4 (2021)?Mile High Club (found at Verdansk International Airport)
4%
Faris wheel from what mission in CoD4?One Shot, One Kill (found in Barakett Promenade East)
4%
Small house from what map in CoD4?Overgrown (found throughout Verdansk)
4%
Remake of Petropavlovsk Gulag from what mission in MW2?The Gulag (Zordaya Prison Complex)
4%
Remake of a crashed plane from what mission in MW3 (2021)?Turbulence (found south of Arklov Peak Military Base)
4%
Map from CoD4Vacant (found in City of Verdansk Port)
4%
Remake of a Soviet base from what mission in Black Ops (1984)?WMD (Gora Summit)
4%

Score Distribution

Percentile by Number Answered

Percent of People with Each Score

Your Score History

You have not taken this quiz since the last reset